000 00373nam a22001337a 4500
999 _c130372
_d130372
008 200218b ||||| |||| 00| 0 eng d
020 _a9781786493163
050 _aPR9390.9.T7
_bH6
100 _aTshuma, Novuyo Rosa
_949555
245 _aHouse of Stone
_cNovuyo Rosa Tshuma
260 _aLondon
_bAtlantic Books
_c2018
300 _a374p. ;
_c24cm.
942 _2lcc
_cMONOGRAPH